000 01998nam1a2200265 i 4500
001 RU\NLR\BIBL_A\011444452
005 20260503064041.0
035 _a(NLR Aleph) 011444452
090 _a11719395
_c11719395
100 _a20170725d2017 k y0rusy50 ca
101 0 _arus
102 _aRU
105 _a||||z |||||
200 1 _aИнновационные технологии в образовании и науке
_eсборник материалов Международной научно-практической конференции [Чебоксары, 7 мая 2017 г.
_eв 2 т.
_fредакционная коллегия: Яковлева Татьяна Валериановна, ответственный редактор и др.]
210 _aЧебоксары
_cИнтерактив плюс
_d2017
215 _d20
300 _aВ надзаг.: Федер. гос.бюджет. образоват. учреждение высш. образования "Чувашский гос. ун-т им. И.Н. Ульянова", Актюбинский регион. гос. ун-т им. К. Жубанова, Кыргызский экон. ун-т им. М. Рыскулбекова, Центр науч. сотрудничества "Интерактив плюс"
606 1 _aНаучные конференции
_jСборники
_yЧебоксары, город (Чувашия)
_92283203
_3RU\NLR\AUTH\6601595881
686 1 _aЯ431(2Р-6Чу-4Че)
702 1 _4340
_aЯковлева
_bТ. В.
_cспециалист в обл. образования
_gТатьяна Валериановна
_9132337
_3RU\NLR\AUTH\770132371
711 1 2 _a"Инновационные технологии в образовании и науке", международная научно-практическая конференция
_eЧебоксары
_f2017
_9564322
_3RU\NLR\AUTH\880450368
852 _aNLR
_j2017-3/20823
942 _cBOOK